Football: Premier League Managers with K - Statistics

General Stats
  • This quiz has been taken 60 times
    14 since last reset
  • The average score is 8 of 10
Answer Stats
Club(s) Years active Manager % Correct
Liverpool 2015-24 Jürgen Klopp
100%
Burnley 2023-24 Vincent Kompany
100%
Newcastle, Manchester City 1993-97, 2002-05, 2008 Kevin Keegan
91%
Everton 1992-93, 97-98 Howard Kendall
82%
Southampton, Everton 2014-2017 Ronald Koeman
82%
Middlesbrough 2016-17 Aitor Karanka
73%
Wimbledon, Newcastle 1992-99, 2008-09 Joe Kinnear
73%
Sunderland 2007-08 Roy Keane
73%
Blackburn Rovers 2010-12 Steve Kean
73%
Blackburn Rovers 1998-99 Brian Kidd
64%
No matching quizzes found
Score Distribution
Percent of People with Each Score
Percentile by Number Answered
Your Score History
You have not taken this quiz since the last reset